Bibliometric Mapping of Agile Leadership: Analyzing Research Development and Impact

Koncept agilného vedenia si získal značnú pozornosť v akademickej aj profesionálnej sfére, čo podnietilo prudký nárast odborných publikácií. Cieľom tejto štúdie je poskytnúť komplexnú bibliometrickú analýzu existujúcej literatúry o agilnom vodcovstve s využitím balíka Bibliometrix R na analýzu 58 re...

Descrizione completa

Salvato in:
Dettagli Bibliografici
Autore principale: Skorková, Zuzana, 1979-
Altri autori: Burggraf, Alexander, 1987-
Natura: Capitolo di libro
Lingua:inglese
Soggetti:
Tags: Aggiungi Tag
Nessun Tag, puoi essere il primo ad aggiungerne!!

MARC

LEADER 00000naa$a2200000$$$4500
001 0304828
005 20241025144601.9
041 0 |a eng 
044 |a CZ 
245 1 0 |a Bibliometric Mapping of Agile Leadership: Analyzing Research Development and Impact  |c Zuzana Skorková, Alexander Burggraf 
520 |a Koncept agilného vedenia si získal značnú pozornosť v akademickej aj profesionálnej sfére, čo podnietilo prudký nárast odborných publikácií. Cieľom tejto štúdie je poskytnúť komplexnú bibliometrickú analýzu existujúcej literatúry o agilnom vodcovstve s využitím balíka Bibliometrix R na analýzu 58 relevantných článkov získaných z databázy Web of Science. Analýza sa zameriava na identifikáciu kľúčových trendov výskumu, plodných autorov, vplyvných časopisov a sietí spolupráce v rámci domény agilného vedenia. 
610 2 0 |a vedenie 
610 2 0 |a analýza dát 
610 2 0 |a manažment 
610 2 0 |a digitalizácia 
610 2 0 |a literatúra 
100 1 |a Skorková, Zuzana, 1979- 
700 1 |a Burggraf, Alexander, 1987-